[Event "3. Iberoamericana C"]
[Site "MexicoMEX"]
[Date "2010.11.15"]
[Round "3"]
[White "Lorenzana, Wilson Estuardo"]
[Black "Mazara, Adan"]
[Result "1/2-1/2"]
[WhiteElo "2210"]
[BlackElo "2273"]
[PlyCount "26"]
[EventDate "2010.11.13"]
[EventType "tourn"]
[EventRounds "5"]
[EventCountry "MEX"]
[Source "lmi"]
[SourceDate "2010.11.13"]

1. e4 c6 2. d4 d5 3. e5 c5 4. c3 Nc6 5. a3 Bf5 6. Nf3 e6 7. Be2 Nge7 8. O-O Bg4
9. Nbd2 cxd4 10. Nxd4 Bxe2 11. Qxe2 Nxd4 12. cxd4 Rc8 13. Nf3 Nc6 1/2-1/2

[Event "3. Iberoamericana C"]
[Site "MexicoMEX"]
[Date "2010.11.15"]
[Round "3"]
[White "Gonzalez, Bernal"]
[Black "Milos, Gilberto"]
[Result "1/2-1/2"]
[WhiteElo "2433"]
[BlackElo "2596"]
[PlyCount "50"]
[EventDate "2010.11.13"]
[EventType "tourn"]
[EventRounds "5"]
[EventCountry "MEX"]
[Source "lmi"]
[SourceDate "2010.11.13"]

1. e4 c5 2. Nf3 e6 3. c3 d5 4. exd5 exd5 5. Bb5+ Bd7 6. Bxd7+ Nxd7 7. O-O Bd6
8. Qb3 Nb6 9. a4 Ne7 10. a5 c4 11. Qb5+ Nd7 12. a6 b6 13. d3 cxd3 14. Qxd3 O-O
15. Ng5 Nf6 16. Na3 Nc6 17. Nb5 Re8 18. Be3 Ne5 19. Qf5 Neg4 20. Nxd6 Nxe3 21.
Qf4 Nxf1 22. Nxe8 Qxe8 23. Rxf1 h6 24. Nf3 Qb5 25. Nd4 Qxb2 1/2-1/2

[Event "3. Iberoamericana C"]
[Site "MexicoMEX"]
[Date "2010.11.16"]
[Round "4"]
[White "Lorenzana, Wilson Estuardo"]
[Black "Gonzalez, Bernal"]
[Result "0-1"]
[WhiteElo "2210"]
[BlackElo "2433"]
[PlyCount "88"]
[EventDate "2010.11.13"]
[EventType "tourn"]
[EventRounds "5"]
[EventCountry "MEX"]
[Source "lmi"]
[SourceDate "2010.11.13"]

1. e4 c6 2. d4 d5 3. e5 Bf5 4. c4 dxc4 5. Bxc4 e6 6. Nc3 Nd7 7. Nge2 Nb6 8. Bb3
Ne7 9. O-O Ned5 10. Nf4 Nxf4 11. Bxf4 Be7 12. Be3 h5 13. Rc1 Qd7 14. a3 g5 15.
Qe2 h4 16. Bc2 Nd5 17. Ne4 O-O-O 18. b4 Kb8 19. Rfd1 Rdg8 20. Rd2 g4 21. Nc5
Bxc5 22. dxc5 Bxc2 23. Rcxc2 Rh5 24. Bd4 Rf5 25. Bb2 Qe7 26. b5 g3 27. fxg3
hxg3 28. h3 Rf2 29. Qd3 Rxd2 30. Qxd2 cxb5 31. Qe2 Qg5 32. Bc1 Qf5 33. Rb2 a6
34. Rb3 Ne7 35. Rf3 Qb1 36. Rf1 Nf5 37. Bf4 Qb3 38. Rc1 Rd8 39. h4 Rd4 40. Bg5
Nxh4 41. c6 bxc6 42. Be7 Nf5 43. Bc5 Rc4 44. Qd2 Qd3 0-1

[Event "3. Iberoamericana C"]
[Site "MexicoMEX"]
[Date "2010.11.16"]
[Round "4"]
[White "Mazara, Adan"]
[Black "Morovic Fernandez, Ivan"]
[Result "0-1"]
[WhiteElo "2273"]
[BlackElo "2588"]
[PlyCount "114"]
[EventDate "2010.11.13"]
[EventType "tourn"]
[EventRounds "5"]
[EventCountry "MEX"]
[Source "lmi"]
[SourceDate "2010.11.13"]

1. d4 Nf6 2. c4 g6 3. Nc3 Bg7 4. e4 d6 5. Nf3 O-O 6. h3 c5 7. d5 e6 8. Bd3 Na6
9. O-O Nc7 10. a4 e5 11. Bg5 Qd7 12. Rb1 Na6 13. Re1 Ne8 14. Bd2 Nb4 15. Bf1 f5
16. Ng5 f4 17. Ne6 Rf7 18. Nb5 a6 19. Na3 Qe7 20. Bxb4 cxb4 21. Nc2 a5 22. Nxg7
Rxg7 23. f3 Nf6 24. c5 dxc5 25. d6 Qe8 26. Bb5 Bd7 27. Bc4+ Kh8 28. b3 Rd8 29.
Qd3 Bc6 30. Red1 b6 31. Rd2 Qf8 32. Rbd1 Ne8 33. d7 Rgxd7 34. Qxd7 Rxd7 35.
Rxd7 Bxd7 36. Rxd7 Nf6 37. Rd1 Qe7 38. Ne1 Kg7 39. Nd3 Ne8 40. Nb2 Nc7 41. Kh2
h5 42. Kg1 g5 43. Kf1 Kg6 44. Bb5 Nxb5 45. axb5 Qe6 46. Rd5 Qe8 47. Rd6+ Kg7
48. Rxb6 Qd7 49. Ke2 a4 50. Nxa4 Qd4 51. Rc6 Qe3+ 52. Kf1 Qc1+ 53. Kf2 Qe3+ 54.
Kf1 Qxb3 55. Rc7+ Kf6 56. Nb6 Qd3+ 57. Kg1 Qxb5 0-1

[Event "3. Iberoamericana C"]
[Site "MexicoMEX"]
[Date "2010.11.16"]
[Round "4"]
[White "Milos, Gilberto"]
[Black "Franco Ocampos, Zenon"]
[Result "1-0"]
[WhiteElo "2596"]
[BlackElo "2517"]
[PlyCount "87"]
[EventDate "2010.11.13"]
[EventType "tourn"]
[EventRounds "5"]
[EventCountry "MEX"]
[Source "lmi"]
[SourceDate "2010.11.13"]

1. e4 e5 2. Nf3 Nc6 3. Bb5 g6 4. d4 exd4 5. Bg5 Be7 6. Bxe7 Qxe7 7. O-O Qc5 8.
Bxc6 dxc6 9. Qxd4 Qxd4 10. Nxd4 Bd7 11. Nc3 O-O-O 12. f4 f5 13. e5 c5 14. Nf3
Ne7 15. Rad1 h6 16. Nd5 Nxd5 17. Rxd5 Bc6 18. Rxc5 g5 19. fxg5 hxg5 20. Nxg5
Rd2 21. Nf3 Rg8 22. Nxd2 Rxg2+ 23. Kh1 Rxd2+ 24. Rxc6 bxc6 25. Kg1 Rxc2 26. Rf2
Rc1+ 27. Kg2 Kd7 28. Rxf5 Ke6 29. Rf2 Kxe5 30. h4 Rd1 31. Kh3 Rd4 32. h5 c5 33.
Kg3 Rd1 34. h6 Rh1 35. Rh2 Rxh2 36. Kxh2 Kf6 37. Kg3 Kg6 38. Kf4 Kxh6 39. Ke5
Kg5 40. Kd5 Kf4 41. Kxc5 Ke4 42. Kc6 Kd3 43. Kxc7 Kc2 44. a4 1-0

[Event "3. Iberoamericana C"]
[Site "MexicoMEX"]
[Date "2010.11.17"]
[Round "5"]
[White "Morovic Fernandez, Ivan"]
[Black "Milos, Gilberto"]
[Result "0-1"]
[WhiteElo "2588"]
[BlackElo "2596"]
[PlyCount "146"]
[EventDate "2010.11.13"]
[EventType "tourn"]
[EventRounds "5"]
[EventCountry "MEX"]
[Source "lmi"]
[SourceDate "2010.11.13"]

1. d4 Nf6 2. c4 e6 3. Nf3 b6 4. g3 Bb7 5. Bg2 Be7 6. O-O O-O 7. Nc3 Ne4 8. Bd2
Bf6 9. Rc1 Nxd2 10. Qxd2 d6 11. d5 e5 12. e4 Nd7 13. h4 Be7 14. Bh3 Nf6 15. Kg2
a6 16. Qe2 g6 17. Ne1 Re8 18. Nd3 Bf8 19. Kg1 Qe7 20. Rc2 Bh6 21. b4 a5 22. a3
axb4 23. axb4 Ba6 24. Nc1 Reb8 25. Nb3 Bb7 26. Rb1 Ra3 27. Ra2 Rxa2 28. Qxa2
Ra8 29. Qc2 c6 30. dxc6 Bxc6 31. Bg2 Qc7 32. Rd1 Bd7 33. Bf1 Ra3 34. Qb2 Ra8
35. Qc2 Ra3 36. Qb2 Ra8 37. Nd2 Bc6 38. Bd3 Qa7 39. Ndb1 Qd7 40. Re1 Qh3 41.
Bf1 Qg4 42. Be2 Qc8 43. Bd3 Qh3 44. Bf1 Qg4 45. Bg2 Ne8 46. Na3 Nc7 47. Nd5
Bxd5 48. cxd5 b5 49. Bf1 Qd7 50. Re2 Ne8 51. Kg2 f5 52. exf5 gxf5 53. Rc2 Qf7
54. Qb3 f4 55. Nxb5 Qg6 56. Qc4 e4 57. h5 Qf5 58. Qc6 Rd8 59. Qb6 Qg5 60. Nd4
e3 61. Ne6 Qxd5+ 62. f3 Ra8 63. Nxf4 Qd1 64. Qc6 Bxf4 65. gxf4 Kf8 66. Be2 Qb1
67. Rc1 Qa2 68. Kf1 Qb2 69. Qc3 Ra2 70. Qxe3 Ra3 71. Bd3 Rxd3 72. Qxd3 Qxc1+
73. Kg2 Qxf4 0-1

[Event "3. Iberoamericana C"]
[Site "MexicoMEX"]
[Date "2010.11.17"]
[Round "5"]
[White "Gonzalez, Bernal"]
[Black "Mazara, Adan"]
[Result "1/2-1/2"]
[WhiteElo "2433"]
[BlackElo "2273"]
[PlyCount "85"]
[EventDate "2010.11.13"]
[EventType "tourn"]
[EventRounds "5"]
[EventCountry "MEX"]
[Source "lmi"]
[SourceDate "2010.11.13"]

1. f4 d5 2. Nf3 Bg4 3. e3 Nd7 4. d4 e6 5. Bd3 c5 6. c3 Ngf6 7. O-O Bd6 8. h3
Bf5 9. Ne5 O-O 10. g4 Bxd3 11. Nxd3 Ne4 12. Nf2 Nxf2 13. Rxf2 Qc7 14. Nd2 cxd4
15. cxd4 Rac8 16. Nf1 Nf6 17. Ng3 Ne4 18. Nxe4 dxe4 19. Qb3 b6 20. Bd2 Qc4 21.
f5 Bg3 22. Rg2 Bh4 23. Rf1 Qxb3 24. axb3 Bg5 25. Kh2 Rfd8 26. h4 Be7 27. fxe6
fxe6 28. g5 Rd5 29. Bc3 g6 30. Rg4 Rf5 31. Ra1 Rcf8 32. Kg1 Rf3 33. Rxe4 Rg3+
34. Kh1 Bd6 35. Rxe6 Rh3+ 36. Kg1 Rg3+ 37. Kh2 Rf2+ 38. Kh1 Rgg2 39. Re8+ Kf7
40. Re4 Rh2+ 41. Kg1 Rhg2+ 42. Kh1 Rh2+ 43. Kg1 1/2-1/2

[Event "3. Iberoamericana C"]
[Site "MexicoMEX"]
[Date "2010.11.17"]
[Round "5"]
[White "Franco Ocampos, Zenon"]
[Black "Lorenzana, Wilson Estuardo"]
[Result "1-0"]
[WhiteElo "2517"]
[BlackElo "2210"]
[PlyCount "69"]
[EventDate "2010.11.13"]
[EventType "tourn"]
[EventRounds "5"]
[EventCountry "MEX"]
[Source "lmi"]
[SourceDate "2010.11.13"]

1. d4 Nf6 2. Nf3 g6 3. c4 Bg7 4. Nc3 O-O 5. e4 d6 6. Be2 Nbd7 7. O-O e5 8. Qc2
Nh5 9. Bg5 f6 10. Be3 Nf4 11. Bxf4 exf4 12. Rad1 c6 13. b4 a5 14. b5 Re8 15.
Rfe1 Qc7 16. h3 Kh8 17. Qd2 g5 18. bxc6 bxc6 19. d5 c5 20. Nb5 Qb6 21. Rb1 Nf8
22. Bd1 Qd8 23. Ba4 Re7 24. Nc3 Bd7 25. Bxd7 Qxd7 26. Rb6 Qd8 27. Rc6 Rb8 28.
e5 dxe5 29. Rxc5 h6 30. Qd3 Rb2 31. d6 Reb7 32. Rd5 Rd7 33. c5 Qc8 34. Na4 Rxa2
35. Qb3 1-0

[Event "3. Iberoamericana D"]
[Site "Mexico MEX"]
[Date "2010.11.13"]
[Round "1"]
[White "Ibarra Chami, Luis Fernando"]
[Black "Vazquez Reyes, Raul"]
[Result "1-0"]
[WhiteElo "2436"]
[BlackElo "2231"]
[PlyCount "77"]
[EventDate "2010.11.13"]
[EventType "tourn"]
[EventRounds "5"]
[EventCountry "MEX"]
[Source "lmi"]
[SourceDate "2010.11.13"]

1. e4 c5 2. Nf3 d6 3. d4 cxd4 4. Nxd4 Nf6 5. Nc3 a6 6. Bc4 e6 7. Bb3 Nbd7 8.
Bg5 Qa5 9. Qd2 Be7 10. O-O-O Nc5 11. Rhe1 O-O 12. Kb1 Qc7 13. f4 h6 14. h4 Rd8
15. Qe2 b5 16. a3 Bb7 17. f5 e5 18. Bxf6 Bxf6 19. Nf3 Nxb3 20. cxb3 b4 21. axb4
a5 22. b5 d5 23. Nxd5 Bxd5 24. Rxd5 Rxd5 25. exd5 a4 26. Qc4 Qd7 27. bxa4 Qxf5+
28. Qe4 Qc8 29. Rc1 Qb7 30. Rc6 Rd8 31. g4 Qe7 32. b6 g6 33. g5 hxg5 34. hxg5
Bg7 35. a5 Qb7 36. Qc4 Qd7 37. Nd2 e4 38. Nxe4 Qf5 39. b7 1-0

[Event "3. Iberoamericana D"]
[Site "Mexico MEX"]
[Date "2010.11.13"]
[Round "1"]
[White "Medina Colindres, Javier"]
[Black "Felgaer, Ruben"]
[Result "0-1"]
[WhiteElo "2226"]
[BlackElo "2591"]
[PlyCount "58"]
[EventDate "2010.11.13"]
[EventType "tourn"]
[EventRounds "5"]
[EventCountry "MEX"]
[Source "lmi"]
[SourceDate "2010.11.13"]

1. d4 d5 2. Nc3 Bf5 3. Bg5 f6 4. Bh4 Nc6 5. e3 Qd7 6. Bb5 a6 7. Bd3 Nh6 8. Nge2
e5 9. dxe5 Nxe5 10. e4 dxe4 11. Bxe4 O-O-O 12. Qxd7+ Rxd7 13. Rd1 Rxd1+ 14.
Kxd1 Bc5 15. h3 Nc4 16. Kc1 Re8 17. Bd5 Be6 18. Bxe6+ Rxe6 19. Nf4 Rc6 20. Nd3
Nf5 21. Bg3 Nxg3 22. fxg3 Be3+ 23. Kb1 Nd2+ 24. Ka1 Bd4 25. Ne2 Be5 26. Rc1 Nc4
27. a3 Ne3 28. c3 Rd6 29. Nc5 Rd2 0-1

[Event "3. Iberoamericana D"]
[Site "Mexico MEX"]
[Date "2010.11.13"]
[Round "1"]
[White "Capo Vidal, Uriel"]
[Black "Almeida Quintana, Omar"]
[Result "1/2-1/2"]
[WhiteElo "2350"]
[BlackElo "2593"]
[PlyCount "75"]
[EventDate "2010.11.13"]
[EventType "tourn"]
[EventRounds "5"]
[EventCountry "MEX"]
[Source "lmi"]
[SourceDate "2010.11.13"]

1. d4 g6 2. c4 Bg7 3. e4 d6 4. Nc3 c6 5. Be2 a6 6. a4 a5 7. Be3 Na6 8. f4 Qb6
9. Qd2 Nf6 10. h3 O-O 11. e5 Nd7 12. Nf3 dxe5 13. fxe5 c5 14. O-O cxd4 15. Bxd4
Ndc5 16. Qe3 Qc6 17. Nd5 Re8 18. Ng5 Ne6 19. Nxe6 Bxe6 20. Bf3 Qxc4 21. Rfc1
Qxd5 22. Be4 f6 23. Rd1 Nb4 24. Bb6 Qc5 25. Qxc5 f5 26. Rd2 Nd3 27. Bxa5 Bf8
28. Rdd1 Bg7 29. Qb5 Nxb2 30. Rd7 Nc4 31. Qc5 Nd2 32. Rd1 Rac8 33. Rxb7 Ra8 34.
Ra1 Bf6 35. Qe3 Nb3 36. Qc5 Bg7 37. Bc3 Nxa1 38. a5 1/2-1/2

[Event "3. Iberoamericana D"]
[Site "Mexico MEX"]
[Date "2010.11.14"]
[Round "2"]
[White "Ibarra Chami, Luis Fernando"]
[Black "Medina Colindres, Javier"]
[Result "1-0"]
[WhiteElo "2436"]
[BlackElo "2226"]
[PlyCount "51"]
[EventDate "2010.11.13"]
[EventType "tourn"]
[EventRounds "5"]
[EventCountry "MEX"]
[Source "lmi"]
[SourceDate "2010.11.13"]

1. e4 Nc6 2. Nf3 d6 3. d4 Bg4 4. Be3 Nf6 5. Nc3 e5 6. Bb5 exd4 7. Qxd4 Be7 8.
O-O-O O-O 9. Bxc6 bxc6 10. e5 Bxf3 11. gxf3 Nd7 12. exd6 cxd6 13. Rhg1 Bf6 14.
Qxd6 Ne5 15. f4 Ng6 16. f5 Qxd6 17. Rxd6 Be5 18. Rxc6 Bxh2 19. Rg2 Ne7 20.
Rxg7+ Kxg7 21. f6+ Kg8 22. fxe7 Rfc8 23. Rxc8+ Rxc8 24. Nd5 Be5 25. f4 Bg7 26.
Nc7 1-0

[Event "3. Iberoamericana D"]
[Site "Mexico MEX"]
[Date "2010.11.14"]
[Round "2"]
[White "Vazquez Reyes, Raul"]
[Black "Almeida Quintana, Omar"]
[Result "0-1"]
[WhiteElo "2231"]
[BlackElo "2593"]
[PlyCount "72"]
[EventDate "2010.11.13"]
[EventType "tourn"]
[EventRounds "5"]
[EventCountry "MEX"]
[Source "lmi"]
[SourceDate "2010.11.13"]

1. e4 g6 2. d4 Bg7 3. Nc3 d6 4. Nf3 a6 5. Be3 b5 6. Bd3 Bb7 7. a4 b4 8. Ne2 Nd7
9. O-O Ngf6 10. Ng3 O-O 11. c3 bxc3 12. bxc3 a5 13. h3 Nb6 14. Qd2 Bc6 15. d5
Be8 16. Bb5 Bxb5 17. axb5 Nc4 18. Qe2 Nxe3 19. Qxe3 Qb8 20. Nd4 Qb6 21. Rfb1
Nd7 22. Nf1 Qc5 23. Nd2 a4 24. Rb4 Nb6 25. Qd3 f5 26. Ne2 Qxf2+ 27. Kxf2 fxe4+
28. Qf3 exf3 29. Nxf3 Rf5 30. Re4 a3 31. Rb4 Nxd5 32. Rb3 a2 33. Rb2 Nxc3 34.
Nxc3 Bxc3 35. Raxa2 Rxa2 36. Rxa2 Rxb5 0-1

[Event "3. Iberoamericana D"]
[Site "Mexico MEX"]
[Date "2010.11.15"]
[Round "3"]
[White "Medina Colindres, Javier"]
[Black "Vazquez Reyes, Raul"]
[Result "1/2-1/2"]
[WhiteElo "2226"]
[BlackElo "2231"]
[PlyCount "24"]
[EventDate "2010.11.13"]
[EventType "tourn"]
[EventRounds "5"]
[EventCountry "MEX"]
[Source "lmi"]
[SourceDate "2010.11.13"]

1. d4 Nf6 2. Nc3 d5 3. Bg5 Nbd7 4. e3 h6 5. Bh4 e6 6. Bd3 Be7 7. f4 a6 8. Nf3
b5 9. Ne5 Bb7 10. O-O c5 11. f5 exf5 12. Bxf5 Rf8 1/2-1/2

[Event "3. Iberoamericana D"]
[Site "Mexico MEX"]
[Date "2010.11.15"]
[Round "3"]
[White "Almeida Quintana, Omar"]
[Black "Felgaer, Ruben"]
[Result "1/2-1/2"]
[WhiteElo "2593"]
[BlackElo "2591"]
[PlyCount "132"]
[EventDate "2010.11.13"]
[EventType "tourn"]
[EventRounds "5"]
[EventCountry "MEX"]
[Source "lmi"]
[SourceDate "2010.11.13"]

1. d4 d5 2. Nf3 Nf6 3. c4 c6 4. Nc3 dxc4 5. a4 Bf5 6. e3 e6 7. Bxc4 Bb4 8. O-O
O-O 9. Ne5 Nbd7 10. Nxd7 Qxd7 11. f3 Rfd8 12. Qb3 Qe7 13. e4 Bg6 14. Ne2 c5 15.
Be3 Rac8 16. Rfd1 Nd5 17. exd5 exd5 18. Bxd5 Rxd5 19. Nf4 Rdd8 20. Nxg6 hxg6
21. dxc5 Bxc5 22. Rxd8+ Rxd8 23. Bxc5 Qxc5+ 24. Kh1 Rd4 25. Qxb7 Rxa4 26. Re1
Rb4 27. Qd7 Rxb2 28. Qd8+ Qf8 29. Qd7 a5 30. h3 Rb8 31. Re5 Ra8 32. Qa4 Qd8 33.
f4 Qc7 34. Rd5 Qb6 35. Kh2 Qc7 36. Kh1 Qc3 37. Kh2 Qe1 38. Re5 Qc3 39. Rd5 Qc7
40. Kh1 Rb8 41. Rxa5 Rb1+ 42. Kh2 Rf1 43. Qe8+ Kh7 44. Qe5 Qc1 45. Rc5 Rh1+ 46.
Kg3 Qg1 47. Rc2 Qh2+ 48. Kf3 Rb1 49. Re2 Qg1 50. Qe3 Qd1 51. Qd2 Qg1 52. Qe3
Qd1 53. Qd2 Qh1 54. Kg3 Qg1 55. Qe3 Qd1 56. Kh2 Qh1+ 57. Kg3 Qd1 58. Kh2 Qh1+
59. Kg3 Qf1 60. Qf3 Qd1 61. Re3 Qg1 62. f5 Rf1 63. fxg6+ fxg6 64. Qe2 Rf5 65.
Re4 Rg5+ 66. Rg4 Rxg4+ 1/2-1/2

[Event "3. Iberoamericana D"]
[Site "Mexico MEX"]
[Date "2010.11.15"]
[Round "3"]
[White "Capo Vidal, Uriel"]
[Black "Ibarra Chami, Luis Fernando"]
[Result "0-1"]
[WhiteElo "2350"]
[BlackElo "2436"]
[PlyCount "72"]
[EventDate "2010.11.13"]
[EventType "tourn"]
[EventRounds "5"]
[EventCountry "MEX"]
[Source "lmi"]
[SourceDate "2010.11.13"]

1. d4 Nf6 2. Nf3 g6 3. c4 Bg7 4. Nc3 d5 5. Bg5 Ne4 6. cxd5 Nxg5 7. Nxg5 e6 8.
Qd2 h6 9. Nh3 exd5 10. Nf4 O-O 11. e3 Re8 12. Be2 c6 13. O-O Qd6 14. a3 Nd7 15.
b4 Nf6 16. Rfc1 a6 17. Rab1 Bf5 18. Bd3 Bd7 19. Na4 Rad8 20. Nc5 Bc8 21. a4 h5
22. b5 axb5 23. axb5 Bh6 24. bxc6 bxc6 25. Nb7 Bxb7 26. Rxb7 Bxf4 27. exf4 Ne4
28. Bxe4 Rxe4 29. f5 Rde8 30. g3 Qf6 31. fxg6 Qxg6 32. Rc7 R8e6 33. Qc3 h4 34.
Kf1 hxg3 35. hxg3 Qh5 36. Rxc6 Qh1# 0-1

[Event "3. Iberoamericana D"]
[Site "Mexico MEX"]
[Date "2010.11.16"]
[Round "4"]
[White "Medina Colindres, Javier"]
[Black "Capo Vidal, Uriel"]
[Result "1/2-1/2"]
[WhiteElo "2226"]
[BlackElo "2350"]
[PlyCount "73"]
[EventDate "2010.11.13"]
[EventType "tourn"]
[EventRounds "5"]
[EventCountry "MEX"]
[Source "lmi"]
[SourceDate "2010.11.13"]

1. d4 d5 2. Nc3 Nf6 3. Bg5 Nbd7 4. e3 g6 5. Be2 c6 6. h4 h6 7. Bf4 Bg7 8. Qd2
a5 9. a4 Qb6 10. Nh3 Ne4 11. Nxe4 dxe4 12. c3 O-O 13. O-O Nf6 14. Kh2 Rd8 15.
f3 c5 16. Rad1 Bxh3 17. gxh3 Nh5 18. d5 Nxf4 19. exf4 e3 20. Qxe3 Qxb2 21. c4
h5 22. f5 Bd4 23. Qd3 Ra6 24. Rd2 Qb6 25. Qe4 Qc7+ 26. f4 Rf6 27. fxg6 fxg6 28.
Bd3 Rdd6 29. Rg2 Kf8 30. Kh1 Qd7 31. f5 Rxf5 32. Rxf5+ Qxf5 33. Qxf5+ gxf5 34.
Bxf5 Rf6 35. Rg5 Be3 36. Rxh5 Ra6 37. Bd3 1/2-1/2

[Event "3. Iberoamericana D"]
[Site "Mexico MEX"]
[Date "2010.11.16"]
[Round "4"]
[White "Ibarra Chami, Luis Fernando"]
[Black "Almeida Quintana, Omar"]
[Result "1-0"]
[WhiteElo "2436"]
[BlackElo "2593"]
[PlyCount "171"]
[EventDate "2010.11.13"]
[EventType "tourn"]
[EventRounds "5"]
[EventCountry "MEX"]
[Source "lmi"]
[SourceDate "2010.11.13"]

1. e4 g6 2. d4 Bg7 3. Nc3 d6 4. Be3 a6 5. f4 b5 6. Bd3 Bb7 7. Nf3 Nd7 8. e5 c5
9. Be4 Bxe4 10. Nxe4 Nh6 11. Qe2 cxd4 12. Bxd4 Nf5 13. O-O-O Qa5 14. e6 fxe6
15. Nxd6+ exd6 16. Qxe6+ Kd8 17. Bxg7 Re8 18. Bc3 Qa4 19. Qd5 Qxf4+ 20. Nd2 Kc7
21. Rhf1 Qxh2 22. Ba5+ Kb8 23. Rxf5 gxf5 24. Qf7 Qe5 25. Qxd7 Ra7 26. Qc6 Rc8
27. Qf3 Qc5 28. Qd3 Rg7 29. Nb3 Qc6 30. Rd2 Ka8 31. Qxf5 Re8 32. c3 Rxg2 33.
Qxh7 Rg1+ 34. Kc2 Rge1 35. Qd3 R8e3 36. Qd5 Qxd5 37. Rxd5 R1e2+ 38. Nd2 Re6 39.
Bb4 Kb7 40. Rxd6 Rxd6 41. Bxd6 Kc6 42. Bf4 Kd5 43. Kd3 Re1 44. c4+ bxc4+ 45.
Nxc4 Rh1 46. Nd2 Rh3+ 47. Kc2 Rh4 48. Bg5 Rh5 49. Bf6 Rh3 50. Bc3 Rg3 51. Kb3
Rg4 52. Bb4 Rg2 53. Ka4 Kc6 54. Bc3 Rg5 55. Nf3 Rh5 56. Nd4+ Kb6 57. Kb4 Rh4
58. a4 Rh5 59. Nb3 Kc6 60. Kc4 Rg5 61. Bd4 Rh5 62. Nc5 Kb6 63. Kb4 Rh4 64. a5+
Ka7 65. Kc4 Rh1 66. Bf6 Rc1+ 67. Kb4 Rd1 68. Be5 Rh1 69. Bc7 Rh4+ 70. Ka3 Rh3+
71. b3 Rh4 72. Bb6+ Ka8 73. Nxa6 Kb7 74. Nb4 Rh5 75. Ka4 Rf5 76. Bd4 Rh5 77.
a6+ Kc7 78. Nc2 Rh6 79. Kb5 Rh5+ 80. Bc5 Rh2 81. Ne3 Rh5 82. Nc4 Rg5 83. Nd6
Kb8 84. b4 Rg7 85. Kc6 Rc7+ 86. Kd5 1-0

[Event "3. Iberoamericana D"]
[Site "Mexico MEX"]
[Date "2010.11.16"]
[Round "4"]
[White "Vazquez Reyes, Raul"]
[Black "Felgaer, Ruben"]
[Result "0-1"]
[WhiteElo "2231"]
[BlackElo "2591"]
[PlyCount "90"]
[EventDate "2010.11.13"]
[EventType "tourn"]
[EventRounds "5"]
[EventCountry "MEX"]
[Source "lmi"]
[SourceDate "2010.11.13"]

1. e4 c5 2. Nf3 e6 3. d4 cxd4 4. Nxd4 a6 5. Nc3 Qc7 6. g3 Bb4 7. Nde2 Nf6 8.
Bg2 Be7 9. O-O Nc6 10. Nf4 d6 11. Nd3 O-O 12. g4 Re8 13. g5 Nd7 14. f4 b5 15.
a3 Bf8 16. Rf3 g6 17. Rh3 Bg7 18. Nf2 Rb8 19. Ng4 a5 20. Qe1 b4 21. axb4 axb4
22. Ne2 f5 23. gxf6 Nxf6 24. Nxf6+ Bxf6 25. c3 bxc3 26. bxc3 Na5 27. Be3 Nc4
28. Bf2 Rb2 29. Rd3 Bb7 30. Rdd1 e5 31. fxe5 Bxe5 32. Rdb1 d5 33. Bg3 dxe4 34.
Rxb2 Nxb2 35. Bxe5 Rxe5 36. Qg3 Nd3 37. Rf1 Qe7 38. Kh1 e3 39. Bxb7 Nf2+ 40.
Kg2 Rg5 41. Bf3 Rxg3+ 42. hxg3 Qd7 43. Rb1 Qd2 44. Rb7 Nd3 45. Bd5+ Kf8 0-1

[Event "3. Iberoamericana D"]
[Site "Mexico MEX"]
[Date "2010.11.17"]
[Round "5"]
[White "Capo Vidal, Uriel"]
[Black "Vazquez Reyes, Raul"]
[Result "1/2-1/2"]
[WhiteElo "2350"]
[BlackElo "2231"]
[PlyCount "30"]
[EventDate "2010.11.13"]
[EventType "tourn"]
[EventRounds "5"]
[EventCountry "MEX"]
[Source "lmi"]
[SourceDate "2010.11.13"]

1. d4 Nf6 2. Nf3 c5 3. c3 cxd4 4. cxd4 d5 5. Nc3 Nc6 6. Bf4 Bf5 7. e3 e6 8. Bd3
Bxd3 9. Qxd3 Bd6 10. Bg3 O-O 11. Rc1 Rc8 12. O-O Bxg3 13. hxg3 Qd6 14. Rfd1
Rfd8 15. Qe2 h6 1/2-1/2

[Event "3. Iberoamericana D"]
[Site "Mexico MEX"]
[Date "2010.11.17"]
[Round "5"]
[White "Almeida Quintana, Omar"]
[Black "Medina Colindres, Javier"]
[Result "1-0"]
[WhiteElo "2593"]
[BlackElo "2226"]
[PlyCount "85"]
[EventDate "2010.11.13"]
[EventType "tourn"]
[EventRounds "5"]
[EventCountry "MEX"]
[Source "lmi"]
[SourceDate "2010.11.13"]

1. d4 Nf6 2. c4 e6 3. Nf3 c5 4. g3 Be7 5. d5 d6 6. Bg2 O-O 7. O-O e5 8. Nc3 Ne8
9. e4 f5 10. exf5 Bxf5 11. Be3 Qd7 12. Nd2 Na6 13. a3 Nec7 14. Nde4 b5 15. b3
bxc4 16. bxc4 Rab8 17. Qc2 Ne8 18. Rab1 Nf6 19. Nxf6+ Bxf6 20. Be4 Bxe4 21.
Nxe4 Rxb1 22. Rxb1 Rb8 23. Rxb8+ Nxb8 24. Qb1 Qd8 25. Qb7 a6 26. Nxf6+ gxf6 27.
Bh6 Nd7 28. Qxa6 Qb8 29. Kg2 Kf7 30. Qa4 Ke7 31. Qc2 Qg8 32. a4 Kd8 33. Bd2 h5
34. Ba5+ Ke7 35. h3 h4 36. Qf5 hxg3 37. fxg3 Nf8 38. h4 Ng6 39. Kh3 e4 40. Bc3
Qf7 41. a5 e3 42. a6 Ne5 43. a7 1-0

[Event "3. Iberoamericana Final"]
[Site "Mexico MEX"]
[Date "2010.11.18"]
[Round "1.1"]
[White "Narciso Dublan, Marc"]
[Black "Felgaer, Ruben"]
[Result "1/2-1/2"]
[WhiteElo "2536"]
[BlackElo "2591"]
[PlyCount "45"]
[EventDate "2010.11.18"]
[EventType "k.o."]
[EventCountry "MEX"]
[Source "lmi"]
[SourceDate "2010.11.13"]

1. c4 e5 2. Nc3 Nf6 3. Nf3 Nc6 4. d3 Bb4 5. Bd2 O-O 6. e3 d5 7. cxd5 Nxd5 8.
Be2 Nxc3 9. Bxc3 Qe7 10. O-O Rd8 11. Qc1 Bf5 12. a3 Bxc3 13. Qxc3 Rd6 14. Rfd1
Rad8 15. b4 a6 16. Rd2 h6 17. Rad1 Bg6 18. h3 Rd5 19. Qb2 Kh8 20. Ne1 Qd7 21.
Nf3 Qe7 22. Ne1 Qd7 23. Nf3 1/2-1/2

[Event "3. Iberoamericana Final"]
[Site "Mexico MEX"]
[Date "2010.11.18"]
[Round "1.1"]
[White "Iturrizaga, Eduardo"]
[Black "Milos, Gilberto"]
[Result "1/2-1/2"]
[WhiteElo "2607"]
[BlackElo "2596"]
[PlyCount "36"]
[EventDate "2010.11.18"]
[EventType "k.o."]
[EventCountry "MEX"]
[Source "lmi"]
[SourceDate "2010.11.13"]

1. Nf3 Nf6 2. c4 b6 3. g3 Bb7 4. Bg2 e6 5. O-O Be7 6. Nc3 O-O 7. Re1 d5 8. cxd5
Nxd5 9. e4 Nxc3 10. bxc3 c5 11. d4 Nd7 12. Bb2 Nf6 13. Ne5 Rc8 14. Qb3 Qc7 15.
Rac1 Nd7 16. Nc4 Nf6 17. Ne5 Nd7 18. Nc4 Nf6 1/2-1/2

[Event "3. Iberoamericana Final"]
[Site "Mexico MEX"]
[Date "2010.11.19"]
[Round "1.2"]
[White "Milos, Gilberto"]
[Black "Iturrizaga, Eduardo"]
[Result "1/2-1/2"]
[WhiteElo "2596"]
[BlackElo "2607"]
[PlyCount "35"]
[EventDate "2010.11.18"]
[EventType "k.o."]
[EventCountry "MEX"]
[Source "lmi"]
[SourceDate "2010.11.13"]

1. e4 c5 2. Nf3 Nc6 3. d4 cxd4 4. Nxd4 g6 5. c4 Nf6 6. Nc3 Nxd4 7. Qxd4 d6 8.
Bg5 Bg7 9. Qd2 O-O 10. Bd3 a5 11. b3 a4 12. b4 Be6 13. Rc1 h6 14. Bxf6 Bxf6 15.
Qxh6 Qb6 16. Nb5 Bd7 17. O-O Rfc8 18. Rfd1 1/2-1/2

[Event "3. Iberoamericana Final"]
[Site "Mexico MEX"]
[Date "2010.11.21"]
[Round "2.3"]
[White "Narciso Dublan, Marc"]
[Black "Milos, Gilberto"]
[Result "0-1"]
[WhiteElo "2536"]
[BlackElo "2596"]
[PlyCount "50"]
[EventDate "2010.11.18"]
[EventType "k.o."]
[EventCountry "MEX"]
[Source "lmi"]
[SourceDate "2010.11.13"]

1. e4 c5 2. c3 d5 3. exd5 Qxd5 4. d4 Nf6 5. Nf3 Bg4 6. dxc5 Qxc5 7. h3 Bh5 8.
Na3 a6 9. Nc4 Nbd7 10. Be3 Qc7 11. a4 e6 12. a5 Be7 13. Nb6 Rd8 14. Qb3 Bxf3
15. gxf3 O-O 16. Be2 Bc5 17. Bxc5 Qxc5 18. Qc4 Qf5 19. Qc7 Nc5 20. O-O Rd2 21.
Rfe1 Nh5 22. Bf1 Nf4 23. Qe5 Qg6+ 24. Kh1 Ncd3 25. Bxd3 Qg2# 0-1